00552nam a2200181Ia 4500008004100000020001800041082001400059100002000073245003000093250000800123260003800131300001300169600003300182650001600215942000800231952011400239999001700353241115s9999 xx 000 0 und d a0-13-393711-9 a512.5 KOL aKolman, Bernard 0aElementary Linear Algebra a6th aNew Jersey:bPrentice Hall,c1995 axv,467p. aHumanities & Natural Science aMathematics cBBD 001040708BB-HUMaUITUbUITUd2002-02-06eImran B.C.g52.00l0pBB424r2024-11-15 09:47:10w0000-00-00yBBD c24917d24917